| Tag |
First Indicator |
Second Indicator |
Subfields |
| LEADER |
00000nam a22000001i 4500 |
| 001 |
in00004734412 |
| 003 |
OCoLC |
| 006 |
m |o d | |
| 007 |
cr |n||||||||| |
| 008 |
230808t20182018enk ob 001 0 eng d |
| 005 |
20250816191949.3 |
| 020 |
|
|
|a 9781349952939 (electronic bk.)
|
| 020 |
|
|
|a 1349952931 (electronic bk.)
|
| 020 |
|
|
|z 9781349952922
|
| 020 |
|
|
|z 1349952923
|
| 024 |
8 |
|
|a 99994282656
|
| 035 |
|
|
|a (OCoLC)1014432002
|
| 040 |
|
|
|a NhCcYBP
|b eng
|e rda
|e pn
|c NhCcYBP
|
| 050 |
|
4 |
|a JA71
|b .B283 2018
|
| 082 |
0 |
4 |
|a 320.01
|2 23
|
| 100 |
1 |
|
|a Ballacci, Giuseppe,
|e author.
|
| 245 |
1 |
0 |
|a Political theory between philosophy and rhetoric :
|b politics as transcendence and contingency /
|c Giuseppe Ballaci.
|
| 264 |
|
1 |
|a London, United Kingdom :
|b Palgrave Macmillan,
|c [2018]
|
| 264 |
|
4 |
|c ©2018
|
| 300 |
|
|
|a 1 online resource (viii, 215 pages.) :
|
| 336 |
|
|
|a text
|b txt
|2 rdacontent
|
| 337 |
|
|
|a computer
|b c
|2 rdamedia
|
| 338 |
|
|
|a online resource
|b cr
|2 rdacarrier
|
| 490 |
1 |
|
|a Rhetoric, politics and society
|
| 504 |
|
|
|a Includes bibliographical references (pages 187-205) and index.
|
| 505 |
0 |
0 |
|a Machine generated contents note:
|g 1.
|t Introduction --
|t Part I --
|g 2.
|t Between Philosophy and Rhetoric: Plato and Aristotle --
|g 3.
|t The Union of Philosophy and Rhetoric: Cicero and Quintilian --
|t Part II --
|g 4.
|t Politics as Transcendence: Leo Strauss --
|g 5.
|t Politics as Contingency: Richard Rorty --
|g 6.
|t Politics as Transcendence and Contingency: Hannah Arendt --
|g 7.
|t Afterword.
|
| 588 |
|
|
|a Description based on print version record.
|
| 650 |
|
0 |
|a Political science
|x Philosophy.
|
| 650 |
|
0 |
|a Rhetoric
|x Philosophy.
|
| 650 |
|
0 |
|a Rhetoric
|x Political aspects.
|
| 650 |
|
6 |
|a Discours politique.
|0 (CaQQLa)201-0021931
|
| 650 |
|
7 |
|a Political science
|x Philosophy.
|2 fast
|0 (OCoLC)fst01069819
|
| 650 |
|
7 |
|a Rhetoric
|x Philosophy.
|2 fast
|0 (OCoLC)fst01096957
|
| 650 |
|
7 |
|a Rhetoric
|x Political aspects.
|2 fast
|0 (OCoLC)fst01096959
|
| 650 |
|
7 |
|a Politische Theorie
|2 gnd
|0 (DE-588)4046563-9
|
| 650 |
|
7 |
|a Philosophie
|2 gnd
|0 (DE-588)4045791-6
|
| 650 |
|
7 |
|a Rhetorik
|2 gnd
|0 (DE-588)4076704-8
|
| 655 |
|
7 |
|a Electronic books.
|2 local
|
| 710 |
2 |
|
|a EBSCOhost
|
| 776 |
1 |
8 |
|c Original
|z 9781349952922
|z 1349952923
|w (DLC) 2017959840
|w (OCoLC)994638862
|
| 830 |
|
0 |
|a Rhetoric, politics, and society series.
|
| 856 |
4 |
0 |
|u http://proxy.library.tamu.edu/login?url=https://search.ebscohost.com/login.aspx?direct=true&scope=site&db=nlebk&db=nlabk&AN=1641966
|z Connect to the full text of this electronic book
|t 0
|
| 945 |
|
|
|b 777181
|
| 955 |
|
|
|a YBP purchased firm e-records
|
| 980 |
|
|
|b usergen
|c 99994282656
|g 565750
|k USD
|m 191.84
|o PSEL
|q 1
|s AcqMono Conventional
|t Purchase at vendor system
|u Vendor order reference number
|v ZYBP
|y Selectors - electronic
|z Electronic resource
|
| 999 |
f |
f |
|i 6dd15620-344f-4b69-876d-ec0af4ab48fa
|s 690357b6-77c2-41aa-aa51-f58d3058f10e
|t 0
|
| 952 |
f |
f |
|a Texas A&M University
|b College Station
|c Electronic Resources
|d Available Online
|t 0
|e JA71 .B283 2018
|h Library of Congress classification
|
| 998 |
f |
f |
|a JA71 .B283 2018
|t 0
|l Available Online
|